[Event "Swiss Queens Wed #45"]
[Site "FIDE Online Arena INT"]
[Date "2024.12.04"]
[Round "2"]
[White "Kashlinskaya, Alina"]
[Black "Girya, Olga"]
[Result "1-0"]
[WhiteElo "2493"]
[BlackElo "2398"]
[PlyCount "55"]
[EventDate "2024.12.04"]
[EventType "swiss (blitz)"]
[EventRounds "11"]
[EventCountry "NET"]
[SourceTitle "CB50_2024"]
[SourceDate "2024.11.01"]
[SourceVersion "1"]
[SourceVersionDate "2024.11.01"]
[SourceQuality "2"]

1. d4 Nf6 2. c4 e6 3. Nc3 Bb4 4. a3 Bxc3+ 5. bxc3 d5 6. cxd5 exd5 7. e3 0-0 8. Bd3 c5 9. Ne2 Nc6 10. 0-0 Re8 11. f3 c4 12. Bc2 b5 13. Ng3 h5 14. Qd2 Na5 15. Rb1 Rb8 16. Qf2 Qc7 17. e4 h4 18. Ne2 dxe4 19. Bf4 Qb6 20. fxe4 Rb7 21. e5 Nd7 22. Qxh4 Nf8 23. Ng3 Rc7 24. Bg5 Rc6 25. Nh5 Bb7 26. Nf6+ gxf6 27. Bxf6 Rxf6 28. Rxf6 1-0

[Event "Swiss Queens Wed #45"]
[Site "FIDE Online Arena INT"]
[Date "2024.12.04"]
[Round "5"]
[White "Maltsevskaya, Aleksandra"]
[Black "Kashlinskaya, Alina"]
[Result "1/2-1/2"]
[WhiteElo "2368"]
[BlackElo "2493"]
[PlyCount "170"]
[EventDate "2024.12.04"]
[EventType "swiss (blitz)"]
[EventRounds "11"]
[EventCountry "NET"]
[SourceTitle "CB50_2024"]
[SourceDate "2024.11.01"]
[SourceVersion "1"]
[SourceVersionDate "2024.11.01"]
[SourceQuality "2"]

1. e4 e6 2. d4 d5 3. Nd2 c5 4. Ngf3 cxd4 5. exd5 Qxd5 6. Bc4 Qd7 7. 0-0 Nc6 8. Nb3 a6 9. Nbxd4 Nxd4 10. Nxd4 Qc7 11. Qe2 Bd6 12. h3 Nf6 13. Bg5 Bh2+ 14. Kh1 Bf4 15. Bxf4 Qxf4 16. Rad1 0-0 17. Nf3 b5 18. Bd3 Bb7 19. Qe5 Qh6 20. Be2 Nd5 21. Qg5 Qxg5 22. Nxg5 Rfd8 23. Bf3 h6 24. Ne4 Nb4 25. c3 Nd3 26. Rd2 Rd7 27. Nf6+ gxf6 28. Bxb7 Ra7 29. Bf3 Ne5 30. Rfd1 Rxd2 31. Rxd2 Nxf3 32. gxf3 Kf8 33. Kg2 Ke7 34. Kf1 e5 35. Ke2 f5 36. Ke3 Ke6 37. f4 f6 38. Rd8 Rb7 39. Rc8 b4 40. Rc6+ Kd5 41. Rxf6 bxc3 42. bxc3 exf4+ 43. Kxf4 Rb2 44. f3 Rxa2 45. Rxh6 a5 46. h4 a4 47. h5 a3 48. Ra6 Rh2 49. Rxa3 Rxh5 50. Ra6 Kc4 51. Rc6+ Kd3 52. c4 Kd4 53. Rf6 Kxc4 54. Rxf5 Rh1 55. Re5 Kd4 56. Re4+ Kd5 57. Re3 Kd6 58. Kf5 Rh8 59. f4 Rf8+ 60. Kg5 Rg8+ 61. Kf5 Rf8+ 62. Kg4 Rg8+ 63. Kf3 Rf8 64. Re5 Rg8 65. Ke4 Ra8 66. Kf5 Rf8+ 67. Kg4 Rg8+ 68. Rg5 Rf8 69. f5 Ke7 70. Rg6 Kf7 71. Kg5 Ra8 72. Rc6 Ra7 73. Rh6 Kg7 74. f6+ Kg8 75. Kg6 Rg7+ 76. Kf5 Ra7 77. Rg6+ Kf8 78. Rg4 Ra1 79. Re4 Rf1+ 80. Ke6 Rg1 81. Re5 Rf1 82. Rc5 Re1+ 83. Re5 Rf1 84. Rc5 Re1+ 85. Re5 Rf1 1/2-1/2

[Event "Swiss Queens Wed #45"]
[Site "FIDE Online Arena INT"]
[Date "2024.12.04"]
[Round "1"]
[White "Omurbekova, Diana"]
[Black "Kashlinskaya, Alina"]
[Result "0-1"]
[WhiteElo "1754"]
[BlackElo "2493"]
[PlyCount "80"]
[EventDate "2024.12.04"]
[EventType "swiss (blitz)"]
[EventRounds "11"]
[EventCountry "NET"]
[SourceTitle "CB50_2024"]
[SourceDate "2024.11.01"]
[SourceVersion "1"]
[SourceVersionDate "2024.11.01"]
[SourceQuality "2"]

1. e4 e6 2. d4 d5 3. Nc3 Bb4 4. Nge2 dxe4 5. a3 Bxc3+ 6. Nxc3 f5 7. Qh5+ g6 8. Qh3 Nc6 9. Bb5 Bd7 10. Be3 a6 11. Bxc6 Bxc6 12. 0-0-0 Bd5 13. Qg3 Ne7 14. Qe5 Kf7 15. Bg5 Nc6 16. Bxd8 Nxe5 17. Bxc7 Ng4 18. Nxd5 exd5 19. Rdf1 Rac8 20. Bf4 Rc4 21. c3 Rhc8 22. Kd2 b5 23. h3 Nf6 24. f3 a5 25. Rc1 b4 26. axb4 axb4 27. Be5 Nd7 28. Bd6 bxc3+ 29. bxc3 Nb6 30. Ra1 Rxc3 31. Bc5 Rb3 32. Ra7+ Kg8 33. Kc2 Rb5 34. Rha1 Nc4 35. Rd7 Rb2+ 36. Kc1 Rcb8 37. Rxd5 Rxg2 38. Ra7 Rg1+ 39. Kc2 Rb2+ 40. Kc3 Rc1# 0-1

[Event "Swiss Queens Wed #44"]
[Site "FIDE Online Arena INT"]
[Date "2024.11.27"]
[Round "6"]
[White "Gunina, Valentina"]
[Black "Kashlinskaya, Alina"]
[Result "1-0"]
[WhiteElo "2425"]
[BlackElo "2493"]
[PlyCount "79"]
[EventDate "2024.11.27"]
[EventType "swiss (blitz)"]
[EventRounds "11"]
[EventCountry "NET"]
[SourceTitle "CB49_2024"]
[SourceDate "2024.12.04"]
[SourceVersion "1"]
[SourceVersionDate "2024.12.04"]
[SourceQuality "1"]

1. d4 Nf6 2. c4 g6 3. Nc3 Bg7 4. e4 d6 5. Nf3 0-0 6. Be2 e5 7. 0-0 Nc6 8. Be3 Ng4 9. Bg5 f6 10. Bc1 f5 11. dxe5 dxe5 12. exf5 gxf5 13. Qxd8 Rxd8 14. Nd5 Rd7 15. Ng5 Nf6 16. Ne6 Nd4 17. Nxd4 exd4 18. Bf4 Nxd5 19. cxd5 c6 20. Rfe1 cxd5 21. Bb5 Rd8 22. Bc7 Rf8 23. Bd6 a6 24. Bxf8 Bxf8 25. Bd3 Bd7 26. Re5 Bg7 27. Rxd5 Be6 28. Rc5 b5 29. a3 f4 30. Re1 Kf7 31. Rc7+ Kf6 32. Rc6 Re8 33. Bxh7 a5 34. Bg8 Rxg8 35. Rcxe6+ Kf5 36. Rd6 Rb8 37. g4+ Kg5 38. Kg2 a4 39. h4+ Kxh4 40. Rg6 1-0